000 006140000a22001810004500
003 MACL
005 20160319164932.0
008 160319b xxu||||| |||| 00| 0 eng d
040 _aMACL
_cMACL
041 _aHindi
082 _a920
100 _aशास्‍त्री श्री लालबहादुर
_947592
245 _aलालबहादुर शास्‍त्री व्‍यक्तित्‍व और विचार
260 _bचिन्‍मय प्रकाशन
_c1967
_aआगरा
350 _a30
650 _aBiography
_947593
942 _cHIN
_k920
_2ddc
999 _c25759
_d25759